Дело о лишении себя жизни (самоубийстве) секретаря Кушневского и описании оставшегося после него имущества и о прочем

Доступно только в Электронных читальных залах Найти на картеНа карте
RUSMARC
00003740nmc2a22002413x 450
001f136a8c1-b5dc-4794-9e92-47403757797a
00520240131144255.0
100##$a20231016l18271831k l0rusy0189 ca
1010#$arus
102##$aRU
105##$ay###
1222#$ad
2001#$aДело о лишении себя жизни (самоубийстве) секретаря Кушневского и описании оставшегося после него имущества и о прочем
$j13 октября 1826 г. - 7 октября 1831 г.
215##$a112 л.
$d36,5х26 см
251##$cДело
300##$aВ инвентарной описи указан ошибочно 1826 год
371##$aДокумент не является опубликованным и широко распространяемым
461#0$1001625a9a7e-a890-4307-a7fe-826a2289a412
$12001
$aГоф-интендантская контора МИДв
$1251
$cФонд
$1852
$j470
462#0$1001ac6654ca-7351-4e58-8bc4-4bce26555f5e
$12001
$aО родившихся и умерших разных лицах, о выдаче пособий
$1251
$cОпись
$1852
$j4
$l101-535
801#0$aRU
$bРГИА
$c20231016
$gRCR
801#1$aRU
$bГлавНИВЦ
$c20231016
$2rusmarc
801#2$aRU
$bПБ им. Б.Н. Ельцина
$c20240131
$gRCR
$2rusmarc
850##$aРГИА
852##$aРГИА
$eФедеральное казенное учреждение "Российский государственный исторический архив" (РГИА)
$j119
937##$hРГИА
$d12405865
$aASBIBLIO_SCAN
035##$aRusGRCC00066788
856##$uhttp://readingroom.main.prlib.ru/item.aspx?id_node=n190729873&mode=full
Формат отображения